Inovácie v malom a strednom podniku s dôrazom na distribučnú politiku (Nový biznis)

Salvato in:
Dettagli Bibliografici
Autore principale: Dorčák, Peter, 1979-
Natura: Capitolo di libro
Lingua:slovacco
Soggetti:
Tags: Aggiungi Tag
Nessun Tag, puoi essere il primo ad aggiungerne!!

MARC

LEADER 00000naa$a2200000$$$4500
001 0226846
005 20240502073734.9
041 0 |a slo 
044 |a SK 
245 1 0 |a Inovácie v malom a strednom podniku s dôrazom na distribučnú politiku (Nový biznis)  |c Peter Dorčák 
610 2 0 |a podnik malý 
610 2 0 |a podnik stredný 
610 2 0 |a inovácia 
610 2 0 |a distribúcia 
610 2 0 |a reťazce obchodné 
610 2 0 |a obchod elektronický 
100 1 |a Dorčák, Peter, 1979-